Instrucciones para una ola de calor / (Registro nro. 4626)
[ vista simple ]
| 000 -LEADER | |
|---|---|
| fixed length control field | 00846nam a2200229Ia 4500 |
| 003 - CONTROL NUMBER IDENTIFIER | |
| control field | OSt |
| 005 - DATE AND TIME OF LATEST TRANSACTION | |
| control field | 20250421143620.0 |
| 008 - FIXED-LENGTH DATA ELEMENTS--GENERAL INFORMATION | |
| fixed length control field | 191128s2013 sp gr 000 f spa d |
| 040 ## - CATALOGING SOURCE | |
| Original cataloging agency | CO-JMCR |
| Transcribing agency | CO-JMCR |
| 041 ## - LANGUAGE CODE | |
| Language code of text/sound track or separate title | spa |
| 082 04 - DEWEY DECIMAL CLASSIFICATION NUMBER | |
| Classification number | A-N |
| Item number | OFAi |
| 100 1# - MAIN ENTRY--PERSONAL NAME | |
| Personal name | O´farrell, Maggie, |
| Relator term | autora |
| 9 (RLIN) | 7741 |
| 245 10 - TITLE STATEMENT | |
| Title | Instrucciones para una ola de calor / |
| Statement of responsibility, etc. | Maggie O´farrell ; tradución Sonia Tapia |
| 260 ## - PUBLICATION, DISTRIBUTION, ETC. | |
| Place of publication, distribution, etc. | Barcelona : |
| Name of publisher, distributor, etc. | Ediciones Salamandra, |
| Date of publication, distribution, etc. | 2013 |
| 300 ## - PHYSICAL DESCRIPTION | |
| Extent | 30 páginas ; |
| Dimensions | 19 cm. |
| 520 ## - SUMMARY, ETC. | |
| Summary, etc. | La nueva novela de la excelente Maggie O´Farrell es mas que un libro: es acontesimiento literario. Evocadora y fluida, se lee con placer. Una autora enplaneta forma |
| 534 ## - ORIGINAL VERSION NOTE | |
| Introductory phrase | Instructions fotr a heatwave |
| 546 ## - LANGUAGE NOTE | |
| Language note | Traducción del Ingles |
| 650 14 - SUBJECT ADDED ENTRY--TOPICAL TERM | |
| Topical term or geographic name entry element | Novela |
| 9 (RLIN) | 7742 |
| 700 ## - ADDED ENTRY--PERSONAL NAME | |
| Personal name | Tapia, Sonia, |
| Relator term | traductora |
| 9 (RLIN) | 7743 |
| 942 ## - ADDED ENTRY ELEMENTS (KOHA) | |
| Source of classification or shelving scheme | Dewey Decimal Classification |
| Koha item type | Books |
| Withdrawn status | Lost status | Source of classification or shelving scheme | Damaged status | Not for loan | Collection code | Home library | Current library | Shelving location | Date acquired | Source of acquisition | Full call number | Barcode | Date last seen | Copy number | Koha item type |
|---|---|---|---|---|---|---|---|---|---|---|---|---|---|---|---|
| Dewey Decimal Classification | Fiction | Biblioteca Pública José María del Castillo y Rada | Biblioteca Pública José María del Castillo y Rada | Fiction | 11/28/2019 | Donación | A-N OFAi | 201809566 | 11/28/2019 | Ej.1 | Books |